Web Technologies/ (Record no. 215874)

MARC details
000 -LEADER
fixed length control field 00776nam a22002297a 4500
005 - DATE AND TIME OF LATEST TRANSACTION
control field 20260413152439.0
010 ## - LCCN (DPL NO)
LC control number ENG-148250
020 ## - INTERNATIONAL STANDARD BOOK NUMBER
Terms of availability 400.00
International Standard Book Number 9788119337293
035 ## - SYSTEM CONTROL NUMBER
System control number EN-131782
037 ## - SOURCE OF ACQUISITION
Source of stock number/acquisition DBAD
082 ## - DEWEY DECIMAL CLASSIFICATION NUMBER
Classification number 006.76
Edition number 1
100 ## - MAIN ENTRY--PERSONAL NAME
Personal name Balamurugan, V.
245 ## - TITLE STATEMENT
Title Web Technologies/
Statement of responsibility, etc V. Balamurugan...[et.al]
250 ## - EDITION STATEMENT
Edition statement 1
260 ## - PUBLICATION, DISTRIBUTION, ETC. (IMPRINT)
Place of publication, distribution, etc Tamil Nadu, India
Name of publisher, distributor, etc Shanlax Publications
Date of publication, distribution, etc 2023
270 ## - ADDRESS
City Tamil Nadu
Address Shanlax Publications, Vasantha Nagar, Madurai, Tamil Nadu
Postal code 625003
Electronic mail address www.shanlaxpublications.com
-- publisher@shanlaxpublications.com
300 ## - PHYSICAL DESCRIPTION
Extent 188p.
Dimensions 25cm (pb)
700 ## - ADDED ENTRY--PERSONAL NAME
Personal name M. Nisha
Relator term Author
9 (RLIN) 68236
700 ## - ADDED ENTRY--PERSONAL NAME
Personal name M.S Kavitha
Relator term Author
9 (RLIN) 68237
700 ## - ADDED ENTRY--PERSONAL NAME
Personal name V. Krithika
Relator term Author
9 (RLIN) 88891
942 ## - ADDED ENTRY ELEMENTS (KOHA)
Source of classification or shelving scheme Dewey Decimal Classification
Item type English Books
Classification part 006.76
Call number suffix BAL
Edition 1
Holdings
Withdrawn status Lost status Not for loan Collection code Home library Current library Date acquired Source of acquisition Cost, normal purchase price Full call number Barcode Copy number Cost, replacement price Koha item type
    Not For Loan Non-fiction D.B.Act.Division D.B.Act.Division 13/04/2026 Delivery of Books Act Division 400.00 006.76 BAL EN-131782 1 400.00 English Books

© Delhi Public Library
Hit Counter
free hit counter